000
00342nam a2200133Ia 4500
008
240112s1956 NOV xx 000 0 und d
022
_a
54-6097
041
_a
eng
082
_a
618.92705
100
_a
BIGLER J.A.
245
_a
PEDIATRIC CLINICS OF NORTH AMERICA: THE CHILD MONTH
260
_b
SAUNDERS
_c
1956 NOV
300
_a
1137,HB
999
_c
1141485
_d
1141485